Shaheen (Record no. 486661)

000 -LEADER
fixed length control field 00307 a2200121 4500
040 ## - CATALOGING SOURCE
Original cataloging agency DLC
Language of cataloging DLC
100 ## - MAIN ENTRY--PERSONAL NAME
Personal name Naseem Hijazi
245 ## - TITLE STATEMENT
Title Shaheen
Statement of responsibility, etc. Naseem Hijazi
Medium (urdu)
260 ## - PUBLICATION, DISTRIBUTION, ETC.
Place of publication, distribution, etc. Lahore:
Name of publisher, distributor, etc. Jahangir Book Depu,
Date of publication, distribution, etc. 2005.
300 ## - PHYSICAL DESCRIPTION
Extent 527 p. ;
Dimensions 24 cm.
650 ## - SUBJECT ADDED ENTRY--TOPICAL TERM
Topical term or geographic name entry element Urdu literature--Noval
942 ## - ADDED ENTRY ELEMENTS (KOHA)
Koha item type Book
Source of classification or shelving scheme
Holdings
Withdrawn status Lost status Source of classification or shelving scheme Damaged status Not for loan Permanent Location Current Location Date acquired Total Checkouts Total Renewals Full call number Barcode Date last seen Date last checked out Price effective from Koha item type
          School of Civil and Environmental Engineering (SCEE) School of Civil and Environmental Engineering (SCEE) 02/14/2020 1 1 891.4393 NIT-9775 07/26/2022 07/02/2021 02/14/2020 Book
© 2023 Central Library, National University of Sciences and Technology. All Rights Reserved.